Abrege de psychanalyse

Αποθηκεύτηκε σε:
Λεπτομέρειες βιβλιογραφικής εγγραφής
Κύριος συγγραφέας: Freud, Sigmund, 1856-1939
Άλλοι συγγραφείς: Berman, Anne H. (trlf)
Μορφή: Βιβλίο
Γλώσσα:French
German
Δημοσίευση: Paris : Presses Universitaires de France, 1955.
Έκδοση:3e ed.
Σειρά:Bibliotheque de psychanalyse et de psychologie clinique
Θέματα:
Ετικέτες: Προσθήκη ετικέτας
Δεν υπάρχουν, Καταχωρήστε ετικέτα πρώτοι!

MARC

LEADER 00000cam a2200000 i 4500
001 1/90200
008 080630s1955 fr | ||| |||| ||fre||
035 |l 10098586 
040 |a GR-MY-UA  |b gre  |e aacr 
041 1 |a fre  |h ger 
082 7 |a 150.1952   |2 (22) 
100 1 |a Freud, Sigmund,   |d 1856-1939. 
245 1 0 |a Abrege de psychanalyse /   |c par Sigmund Freud ; traduit de l' allemand par Anne Berman.  
250 |a 3e ed. 
260 |a Paris :   |b Presses Universitaires de France,   |c 1955.  
300 |a 84 σ. ;   |c 23 εκ. 
490 1 |a (Bibliotheque de psychanalyse et de psychologie clinique)  
500 |a Τίτλος πρωτοτύπου: Abriss der Psychoanalyse.  
600 1 0 |a Freud, Sigmund,   |d 1856-1939. 
650 0 0 |a Psychoanalysis. 
700 1 |a Berman, Anne H.  |e trlf 
830 0 |a Bibliotheque de psychanalyse et de psychologie clinique 
852 |a INST  |b RHODES  |c AKA  |e 20080630  |h  150.1952 FRE  |p 005400027850  |q 005400027850  |t BK  |y 0 
901 |a BIBL4-2008-2 
909 |a Ρ  |b 150693 
970 |a ΚΟΖΑ  |b ΜΑΡΙΑ  |z 2008/06/30